General mathematics: revision and practice
محفوظ في:
| المؤلف الرئيسي: | |
|---|---|
| التنسيق: | كتاب |
| اللغة: | الإنجليزية |
| منشور في: |
Ciudad de México
Oxford University Press
1984
|
| الطبعة: | 1a. ed |
| الموضوعات: | |
| الوسوم: |
إضافة وسم
لا توجد وسوم, كن أول من يضع وسما على هذه التسجيلة!
|
MARC
| LEADER | 00000nam a2200000 a 4500 | ||
|---|---|---|---|
| 001 | UCH6528 | ||
| 003 | CL-VaPUC | ||
| 008 | 091109e19840000MX |||||||||||||||||eng|d | ||
| 020 | |a 0199142424 | ||
| 082 | 0 | 4 | |a 510 |b RAY |2 21 |
| 100 | 0 | |a Rayner, D |e author |9 543079 | |
| 245 | 1 | 0 | |a General mathematics: revision and practice |
| 250 | |a 1a. ed | ||
| 300 | |a 330 p | ||
| 942 | |c BK | ||
| 945 | |d 20091109 00:00:00 |a ccalabra | ||
| 260 | |a Ciudad de México |b Oxford University Press |c 1984 | ||
| 650 | 0 | |a Matemática |9 260235 | |
| 650 | 0 | |a Educación |9 258661 | |
| 650 | 7 | |a CIENCIAS EXACTAS |2 CL-VaPUC |9 543080 | |
| 650 | 7 | |a EJERCICIOS MATEMATICOS |2 CL-VaPUC |9 459962 | |
| 650 | 0 | |a Lógica |9 256849 | |
| 650 | 0 | |a Álgebra |9 259567 | |
| 650 | 0 | |a Geometría |9 264063 | |
| 650 | 0 | |a Trigonometría |9 259568 | |
| 583 | |a last modification |c 20091109 00:00:00 |k Rodrigo Vera | ||
| 999 | |c 337402 |d 337400 | ||